Percy Jackson Final words Quiz Stats

 Plays Quiz not verified by Sporcle

Challenge
Share
Tweet
Embed
Score 0/10 Timer 07:00
0 Plays Today
Hint Answer % Correct
'Stars,I can see the stars again my lady, stars'Zoe
85.5%
'Ethan.Me.All the unclaimed make sure it doesn't...it dosen't happen again.'Luke
81.3%
'Thank you dear satyr.My final blessing.'Pan
74%
'Then I'm ready to see my son...and Perdix, I must tell them how sorry I am'Daedalus
65.1%
'ARES!'Silena
56.3%
'Too late'Medusa
34.5%
'Go'Beckendorf
31.9%
'I don't usually kill girls,but for you mortal I'll make an exception,your eyesight is a little too good'Tammi
21.7%
'Die, honey'Ms.Dodds
14.1%
'Ow'Laistrygonian Giant (Joe Bob)
0.7%

You're not logged in!

Compare scores with friends on all Sporcle quizzes.
Join for Free
OR
Log In

You Might Also Like...

Show Comments

Extras

Top Quizzes Today


Score Distribution

Your Account Isn't Verified!

In order to create a playlist on Sporcle, you need to verify the email address you used during registration. Go to your Sporcle Settings to finish the process.

Report this User

Report this user for behavior that violates our Community Guidelines.

Details: